00378nam a22001337a 4500020001800000040000900018082001600027100001900043110003800062245003900100250001600139260003900155650005000194 a9780582251648 cNUST a620.112 BEN aBenham, P. P.  a Crawford, R. J Armstrong, C. G aMechanics of Engineering Materials a2nd Edition aHarlow:bPearson Education,c1996. aMechanics of Engineering Materials.NUSTTB2022